000 00409nam a22001577a 4500
005 20180703123212.0
008 170726b xxu||||| |||| 00| 0 eng d
020 _a978-93-85000-18
041 _aeng
082 _a658.11
100 _aSINHA, PRAVEEN & OTHERS
_94439
245 _aENTREPRENEURSHIP LEARNING & IMPLEMENTATION
260 _aNEW DELHI
_bCEGR, BHARTI PUBLICATION
300 _a446p,
942 _cBK
999 _c5508
_d5506